000 01748nam a2200337 a 4500
001 ebr10430632
003 CaPaEBR
006 m u
007 cr cn|||||||||
008 100915s2009 tnuab sb 000 0beng d
010 _z 2010282670
020 _z9780687465552 (hbk. : alk. paper)
020 _z9781426713330 (e-book)
040 _aCaPaEBR
_cCaPaEBR
035 _a(OCoLC)698588131
050 1 4 _aBT414
_b.H36 2009eb
100 1 _aHamilton, Adam,
_d1964-
245 1 0 _a24 hours that changed the world
_h[electronic resource] /
_cAdam Hamilton.
246 3 _aTwenty-four hours that changed the world
260 _aNashville :
_bAbingdon Press,
_cc2009.
300 _a133 p. :
_bill., map.
504 _aIncludes bibliographical references.
505 0 _aThe Last Supper -- The Garden of Gethsemane -- Condemned by the righteous -- Jesus, Barabbas, and Pilate -- The torture and humiliation of the King -- The crucifixion -- Christ the victor.
520 _aNo single event in human history has received more attention than the suffering and crucifixion of Jesus of Nazareth. In this book, Adam Hamilton guides us through the last twenty-four hours of Jesus' life. Each chapter is designed to help the reader experience and understand the significance of Jesus' suffering and death.
533 _aElectronic reproduction.
_bPalo Alto, Calif. :
_cebrary,
_d2013.
_nAvailable via World Wide Web.
_nAccess may be limited to ebrary affiliated libraries.
600 0 0 _aJesus Christ
_vBiography.
600 0 0 _aJesus Christ.
655 7 _aElectronic books.
_2local
710 2 _aebrary, Inc.
856 4 0 _uhttp://site.ebrary.com/lib/rucke/Doc?id=10430632
_zAn electronic book accessible through the World Wide Web; click to view
999 _c233453
_d233453